Les surprenants chiffres des Français - 9 - Statistiques

Statistiques générales
  • Ce quiz a été pris 32 fois
  • Le résultat moyen est 8 sur 15
Statistiques - réponses
Hint Réponse % Correct
10 Morts par jour sur les routes françaises
85%
360 Euros par an Dépense d'eau par Français (robinet)
74%
60 % des foyers français ont une cuisine équipée
74%
85 ans pour les femmes Espérance de vie en France en 2018
74%
145 litres par an Consommation d'eau en bouteille des Français
70%
43000 par seconde Nombre de vidéos vues sur Youtube
67%
47533 litres par seconde d'eau potable perdue par des fuites
59%
8,5 euros Dépense moyenne de shampooing en France
59%
37 % des foyers français ont une friteuse électrique
52%
1 flacon toutes les 2 secondes Vente de flacons de crème solaire en France
44%
55 Millions par an Nombre de flacons de parfum achetés par les Français
30%
6500 par jour Nombre de micro-ondes vendus en France
30%
1 toutes les 10 secondes Nombre d'aspirateurs vendus en France
19%
4 Millions par an Nombre de cafetière "filtre" vendues en France
11%
90 par heure Nombre de cuisines équipées vendues
7%
Aucun quiz correspondant
Distribution des résultats
% des personnes avec chaque résultat
Percentile par nombre de réponses
Votre historique - résultats
Vous n’avez pas pris ce quiz